Professional WordPress (Record no. 338524)
[ view plain ]
| 000 -LEADER | |
|---|---|
| fixed length control field | 00495nam a2200181Ia 4500 |
| 008 - FIXED-LENGTH DATA ELEMENTS--GENERAL INFORMATION | |
| fixed length control field | 230718s9999 xx 000 0 und d |
| 020 ## - INTERNATIONAL STANDARD BOOK NUMBER | |
| International Standard Book Number | 9788126544721 |
| 041 ## - LANGUAGE CODE | |
| Language code of text/sound track or separate title | eng |
| 082 ## - DEWEY DECIMAL CLASSIFICATION NUMBER | |
| Classification number | 006.7'6 |
| Item number | WIL |
| 100 ## - MAIN ENTRY--PERSONAL NAME | |
| Personal name | Williams B. |
| 245 ## - TITLE STATEMENT | |
| Title | Professional WordPress |
| Remainder of title | Design And Development |
| 250 ## - EDITION STATEMENT | |
| Edition statement | 2nd ed. |
| 260 ## - PUBLICATION, DISTRIBUTION, ETC. (IMPRINT) | |
| Date of publication, distribution, etc. | 2014 |
| Name of publisher, distributor, etc. | Wiley |
| 300 ## - PHYSICAL DESCRIPTION | |
| Extent | 427 |
| 365 ## - TRADE PRICE | |
| Currency code | Rs. |
| Price amount | 899.00 |
| 700 ## - ADDED ENTRY--PERSONAL NAME | |
| Personal name | Williams B.; Damstra D. & Stern H. |
| 906 ## - LOCAL DATA ELEMENT F, LDF (RLIN) | |
| d | O:0425513-Oct-2014B:660316-Sep-2014 |
| c | IT |
| b | 1348.5 |
| Withdrawn status | Lost status | Damaged status | Not for loan | Home library | Current library | Date acquired | Vendor | Budget Code | Cost, normal purchase price | Bill number | Total Checkouts | Full call number | Barcode | Date last seen | Discount | Cost, replacement price | Bill Date | Koha item type | Original Barcode |
|---|---|---|---|---|---|---|---|---|---|---|---|---|---|---|---|---|---|---|---|
| Cummins College of Engineering for Women Pune | Cummins College of Engineering for Women Pune | 13/10/2014 | Technical Book Services | IT | 674.25 | 6603 | 006.7'6 | CCEP-BK-49731 | 18/07/2023 | 1348.5 | 899.00 | 16/09/2014 | Books | 049731 |